[Event "URS Spartakiad"]
[Site "URS"]
[Date "1979.??.??"]
[Round "?"]
[White "Khalikian, O."]
[Black "Khanov, K."]
[Result "1-0"]
[WhiteElo "2200"]
[BlackElo "2200"]

1.e4 c5 2.Nc3 Nc6 3.Nf3 e6 4.d4 cxd4 5.Nxd4 a6 6.Nxc6 bxc6 7.Bd3 d5 8.O-O Nf6
9.Re1 Be7 10.e5 Nd7 11.Qg4 g6 12.Bh6 Rb8 13.Nd1 Rb4 14.c4 Nc5 15.Bf1 a5 16.Rc1 Ba6
17.a3 Rb8 18.cxd5 Bxf1 19.d6 Nd3 20.dxe7 Qxe7 21.Rxf1 Nxc1 22.Bxc1 h5 23.Qc4 O-O
24.h4 Rb5 25.Bg5 Qc7 26.Bf6 Kh7 27.Nc3 Rxb2 28.Ne4 Rfb8 29.Ng5+ Kg8 30.Qf4 Rb1
31.Rxb1 Rxb1+ 32.Kh2 Qa7 33.Ne4 Kh7 34.Bg5 Rd1 35.Qf6 c5 36.Bh6  1-0

[Event "URS Spartakiad"]
[Site "URS"]
[Date "1979.??.??"]
[Round "?"]
[White "Maryasin, Boris"]
[Black "Khanov, K."]
[Result "1-0"]
[WhiteElo "2250"]
[BlackElo "2200"]

1.e4 c5 2.Nf3 e6 3.d4 cxd4 4.Nxd4 Nc6 5.Nc3 a6 6.g3 Qc7 7.Bg2 b5 8.Nxc6 Qxc6
9.O-O Bb7 10.Re1 Rc8 11.Bf4 Nf6 12.Re2 Be7 13.Qf1 b4 14.Nd5 Nxd5 15.exd5 Qb6
16.c4 O-O 17.b3 Bf6 18.Rd1 Rfd8 19.Be4 a5 20.Qh3 g6 21.Qg2 e5 22.Be3 Qa6
23.h4 d6 24.h5 Bg7 25.g4 a4 26.Qh3 axb3 27.axb3 Rc7 28.Kg2 Bc8 29.Rh1 f5
30.hxg6 fxe4 31.Qxh7+ Kf8 32.Bh6 Bxg4 33.Qh8+ Ke7 34.Bg5+  1-0

[Event "URS Spartakiad"]
[Site "URS"]
[Date "1979.??.??"]
[Round "?"]
[White "Kausilaite, Vilhelmina"]
[Black "Khasanova, Elmira"]
[Result "0-1"]
[WhiteElo "2000"]
[BlackElo "2000"]

1.e4 c5 2.Nf3 e6 3.d4 cxd4 4.Nxd4 Nc6 5.Nc3 Qc7 6.Be2 Nf6 7.O-O Be7 8.Kh1 O-O
9.f4 d6 10.f5 a6 11.fxe6 fxe6 12.Bc4 Nxd4 13.Qxd4 Bd7 14.Bg5 Kh8 15.Rad1 Rad8
16.Bb3 b5 17.Ne2 a5 18.c3 a4 19.Bc2 e5 20.Qd3 Be6 21.b3 Ng4 22.Be3 d5 23.exd5 e4
24.Bf4 exd3 25.Bxc7 dxe2 26.Rfe1 exd1=Q 27.Bxd1 Rxd5 28.Bxg4 Bxg4 29.h3 Rd1  0-1

[Event "URS Spartakiad"]
[Site "URS"]
[Date "1979.??.??"]
[Round "?"]
[White "Kolpakov, M."]
[Black "Mamatov, Dair"]
[Result "0-1"]
[WhiteElo "2200"]
[BlackElo "2200"]

1.e4 c5 2.Nf3 e6 3.d4 cxd4 4.Nxd4 Nc6 5.Nc3 d6 6.Be3 Nf6 7.f4 Be7 8.Qf3 a6
9.O-O-O Qc7 10.Nde2 b5 11.g4 Bb7 12.g5 Nd7 13.Ng3 g6 14.Bg2 O-O-O 15.Qf2 Na5
16.h4 Nc4 17.Bd4 Rhe8 18.f5 b4 19.Na4 Qc6 20.b3 gxf5 21.bxc4 Qxa4 22.exf5 Qxa2
23.Bxb7+ Kxb7 24.fxe6 fxe6 25.Qf3+ d5 26.cxd5 Qxd5 27.Ne4 Qc6 28.Bf6 Bxf6
29.Nd6+ Kb6 30.Qf2+ Nc5 31.Nxe8 Bd4 32.Qe1 Qa4 33.Rh3 Bc3  0-1

[Event "URS Spartakiad"]
[Site "URS"]
[Date "1979.??.??"]
[Round "?"]
[White "Kuzmin, Gennadi P"]
[Black "Popov, N."]
[Result "1-0"]
[WhiteElo "2565"]
[BlackElo "2435"]

1.e4 c5 2.Nf3 e6 3.d4 cxd4 4.Nxd4 Nc6 5.Nc3 d6 6.Be3 Be7 7.Be2 Nf6 8.O-O O-O
9.f4 Qc7 10.Kh1 Nxd4 11.Qxd4 e5 12.Qd3 a6 13.a4 exf4 14.Bxf4 Be6 15.Qg3 Rad8
16.Be3 Kh8 17.Bd4 Ne8 18.Bd3 Bf6 19.Nd5 Bxd5 20.exd5 Bxd4 21.Qh4 g6 22.Qxd4+ Ng7
23.b4 a5 24.bxa5 Qxa5 25.Rab1 Rd7 26.Rb6 Kg8 27.Rfb1 Re8 28.Qb4 Qxd5 29.Bb5 Re4
30.c4 Rde7 31.Bc6 Qg5 32.Bxe4 Rxe4 33.Rxb7 Nf5 34.Qc3 Re5 35.a5 Ne3 36.R7b2 Qh5
37.Re1 Nd1 38.Rxe5 dxe5 39.Rb8+ Kg7 40.Qf3  1-0

[Event "URS Spartakiad"]
[Site "URS"]
[Date "1979.??.??"]
[Round "?"]
[White "Gufeld, Eduard"]
[Black "Averkin, Orest N"]
[Result "1/2-1/2"]
[WhiteElo "2530"]
[BlackElo "2455"]

1.e4 c5 2.Nf3 e6 3.d4 cxd4 4.Nxd4 Nc6 5.Nc3 Qc7 6.Be2 a6 7.O-O Nf6 8.Be3 Be7
9.f4 d6 10.Kh1 O-O 11.a4 Re8 12.Qe1 Nxd4 13.Bxd4 e5 14.fxe5 dxe5 15.Qg3 Bd8
16.Be3 Kh8 17.Rf2 Be6 18.Raf1 Rc8 19.h3 Qa5 20.Bd3 Nh5 21.Qf3 Nf6 22.Qg3 Nh5
23.Qf3 Nf6 24.Qg3  1/2-1/2

[Event "URS Spartakiad"]
[Site "URS"]
[Date "1979.??.??"]
[Round "?"]
[White "Golovey, Tamara O"]
[Black "Fomina, Tatyana"]
[Result "0-1"]
[WhiteElo "2130"]
[BlackElo "2150"]

1.e4 c5 2.Nf3 e6 3.d4 cxd4 4.Nxd4 Nc6 5.Nc3 d6 6.Be2 Nf6 7.O-O Be7 8.Be3 O-O
9.f4 a6 10.a4 Qc7 11.Qe1 Re8 12.Rd1 Nxd4 13.Bxd4 e5 14.Be3 Be6 15.Qg3 Kh8
16.Kh1 Rac8 17.Rd2 Qa5 18.f5 Bc4 19.Bg5 Bxe2 20.Bxf6 Bxf6 21.Rxe2 Bd8 22.Rf3 b5
23.Nd5 Qxa4 24.f6 gxf6 25.Nxf6 Bxf6 26.Rxf6 Rxc2 27.Rxf7 Rc1+ 28.Re1 Rxe1+
29.Qxe1 Qc4 30.Rf1 Qe6 31.Qh4 a5 32.Qh5 Qg6 33.Qe2 Rg8 34.Rf3 b4 35.Rg3 Qe6
36.Rf3 a4 37.Qf1 b3 38.Rf6 Qe7 39.Rf7 Qg5 40.Ra7 Rc8  0-1

[Event "URS Spartakiad"]
[Site "URS"]
[Date "1979.??.??"]
[Round "?"]
[White "Geller, Efim P"]
[Black "Kochyev, Alexander"]
[Result "1/2-1/2"]
[WhiteElo "2550"]
[BlackElo "2545"]

1.e4 c5 2.Nf3 e6 3.d4 cxd4 4.Nxd4 Nc6 5.Nc3 d6 6.Be2 Nf6 7.Be3 Be7 8.f4 O-O
9.O-O Nxd4 10.Bxd4 b6 11.e5 dxe5 12.fxe5 Nd7 13.Bf3 Rb8 14.Kh1 Bc5 15.Re1 Bb7
16.Bxb7 Rxb7 17.Qf3 Qb8 18.Bxc5 bxc5 19.Rad1 Qc7 20.b3 Nxe5 21.Qg3 Ng6 22.Qxc7 Rxc7
23.Rd6 Rb8 24.a4  1/2-1/2

[Event "URS Spartakiad"]
[Site "URS"]
[Date "1979.??.??"]
[Round "?"]
[White "Fomina, Tatyana"]
[Black "Khasanova, Elmira"]
[Result "1-0"]
[WhiteElo "2150"]
[BlackElo "2000"]

1.e4 c5 2.Nf3 e6 3.d4 cxd4 4.Nxd4 Nc6 5.Nc3 Qc7 6.Be2 Nf6 7.Be3 Be7 8.O-O O-O
9.Bf3 Ne5 10.Bf4 Nxf3+ 11.Qxf3 d6 12.Rfe1 Bd7 13.e5 dxe5 14.Bxe5 Qb6 15.Rad1 Rfd8
16.g4 Be8 17.g5 Nd7 18.Bf4 e5 19.Nd5 Qc5 20.b4 Qc4 21.Nxe7+ Kf8 22.Qe4 Kxe7
23.Nf5+  1-0

[Event "URS Spartakiad"]
[Site "URS"]
[Date "1979.??.??"]
[Round "?"]
[White "Tavadian, Ragik"]
[Black "Kochyev, Alexander"]
[Result "1/2-1/2"]
[WhiteElo "2200"]
[BlackElo "2545"]

1.e4 c5 2.Nf3 e6 3.d4 cxd4 4.Nxd4 Nc6 5.Nc3 d6 6.Be2 Nf6 7.Be3 Be7 8.O-O O-O
9.f4 Nxd4 10.Qxd4 b6 11.Bf3 Bb7 12.Rfd1 Qc8 13.a4 Rd8 14.Qb4 Bf8 15.Qb3 Bc6
16.a5 b5 17.a6 Qb8 18.e5 Bxf3 19.gxf3 b4 20.exf6 bxc3 21.Qxb8  1/2-1/2

[Event "URS Spartakiad"]
[Site "URS"]
[Date "1979.??.??"]
[Round "?"]
[White "Vetemaa, Juri"]
[Black "Panchenko, Alexander N"]
[Result "0-1"]
[WhiteElo "2200"]
[BlackElo "2485"]

1.e4 c5 2.Nf3 Nc6 3.d4 cxd4 4.Nxd4 e6 5.Nc3 d6 6.Bc4 Nf6 7.Be3 Be7 8.Qe2 a6
9.O-O-O Qc7 10.Bb3 O-O 11.g4 Nxd4 12.Rxd4 b5 13.g5 Nd7 14.Qh5 g6 15.Qh6 Re8
16.Rg1 Bf8 17.Qh4 Rb8 18.Rg3 Bg7 19.Rd1 b4 20.Ne2 Nf8 21.f4 a5 22.Bd4 e5
23.fxe5 dxe5 24.Bg1 Ne6 25.Be3 Ba6 26.Rd2 Bc4 27.Rh3 Nf8 28.Qf2 Rec8 29.Kb1 Bxb3
30.axb3 Ra8 31.Nc1 a4 32.Bb6 Qc6 33.Rf3 Rcb8 34.Bc5 Ne6 35.Be7 Nf4 36.Bc5 a3
37.Nd3 axb2 38.Nxb2 Rb5  0-1

[Event "Warsaw zt-A"]
[Site "Warsaw"]
[Date "1979.??.??"]
[Round "2"]
[White "Skrobek, Ryszard"]
[Black "Jansa, Vlastimil"]
[Result "1-0"]
[WhiteElo "2370"]
[BlackElo "2495"]

1.e4 c5 2.Nf3 Nc6 3.d4 cxd4 4.Nxd4 e6 5.Nc3 a6 6.g3 Nge7 7.Nb3 d6 8.Bg2 Bd7
9.a4 Nc8 10.a5 Be7 11.O-O O-O 12.Qe2 Qc7 13.Rd1 Ne5 14.Bf1 Bf6 15.Be3 Bc6
16.Nd4 Re8 17.f4 Nd7 18.Qc4 d5 19.exd5 Nd6 20.Qb4 exd5 21.Nxc6 bxc6 22.Bb6 Qb8
23.Re1 Rxe1 24.Rxe1 Nxb6 25.axb6 Nb5 26.Na4 Bd4+ 27.Kg2 Bxb6 28.c4 dxc4 29.Bxc4 h6
30.Re7 Kh7 31.Bxf7 Bd4 32.Re6 Qc7 33.Qc4 c5 34.Qd3+ Kh8 35.Qe4 Rf8 36.Bg6 Qd7
37.Nb6 Qd8 38.Nc4 Bf6 39.Rxa6  1-0

[Event "Warszawa Cup5-A"]
[Site "Warsaw"]
[Date "1979.??.??"]
[Round "7"]
[White "Bernard, Ryszard"]
[Black "Kirov, Nino"]
[Result "0-1"]
[WhiteElo "2340"]
[BlackElo "2420"]

1.e4 c5 2.Nf3 Nc6 3.d4 cxd4 4.Nxd4 e6 5.Nc3 a6 6.g3 d6 7.Bg2 Bd7 8.O-O Nf6
9.Nde2 Be7 10.h3 Qc7 11.g4 h6 12.Ng3 g5 13.Be3 Ne5 14.Bd4 b5 15.Nce2 h5 16.gxh5 Nxh5
17.Nxh5 Rxh5 18.a4 Rh4 19.axb5 Bxb5 20.b3 Bc6 21.Ng3 Ng6 22.Nh5 Bxe4 23.Bxe4 Rxe4
24.Qd3 d5 25.Rfe1 Ne5 26.Bxe5 Qxe5 27.Red1 Bc5 28.Rxa6 Rxa6 29.Qxa6 Re1+
30.Rxe1 Qxe1+ 31.Qf1 Bxf2+ 32.Kg2 Qxf1+ 33.Kxf1 Bd4 34.Ng3 f5 35.c4 Be5 36.Ne2 dxc4
37.bxc4 Kd7 38.Kf2 Bb2 39.Ke3 e5 40.Kd3 e4+ 41.Ke3 Ke6  0-1

[Event "Warsaw zt-B"]
[Site "Warsaw"]
[Date "1979.??.??"]
[Round "7"]
[White "Ghinda, Mihail Viorel"]
[Black "Schmidt, Wlodzimierz"]
[Result "1-0"]
[WhiteElo "2455"]
[BlackElo "2430"]

1.e4 c5 2.Nf3 e6 3.d4 cxd4 4.Nxd4 Nc6 5.Nc3 a6 6.Be2 d6 7.f4 Nf6 8.Be3 Be7
9.Qd2 O-O 10.O-O-O Bd7 11.g4 Nxd4 12.Qxd4 Bc6 13.g5 Nd7 14.Rhg1 e5 15.Qd2 exf4
16.Bxf4 Ne5 17.h4 b5 18.h5 Rc8 19.Kb1 Qc7 20.g6 fxg6 21.Bxe5 dxe5 22.hxg6 Bb4
23.Bg4 Rce8 24.Bd7 Bxd7 25.gxh7+ Kh8 26.Rxg7 Kxg7 27.h8=Q+ Rxh8 28.Qg5+ Kf7
29.Rf1+ Bf5 30.Qxf5+ Kg8 31.Qg6+ Qg7 32.Qxe8+ Bf8 33.Qe6+  1-0

[Event "Warsaw zt-B"]
[Site "Warsaw"]
[Date "1979.??.??"]
[Round "9"]
[White "Sax, Gyula"]
[Black "Schmidt, Wlodzimierz"]
[Result "1/2-1/2"]
[WhiteElo "2590"]
[BlackElo "2430"]

1.e4 c5 2.Nf3 e6 3.d4 cxd4 4.Nxd4 Nc6 5.Nc3 a6 6.Be2 d6 7.f4 Nf6 8.Be3 Be7
9.O-O O-O 10.Kh1 Bd7 11.Qe1 b5 12.a3 Nxd4 13.Bxd4 Bc6 14.Qg3 Qd7 15.Rae1 a5
16.Bd3  1/2-1/2

[Event "IBM-B"]
[Site "Amsterdam"]
[Date "1980.??.??"]
[Round "?"]
[White "Borm, Franciscus WM"]
[Black "Hofland, Leonard"]
[Result "1/2-1/2"]
[WhiteElo "2355"]
[BlackElo "2300"]

1.e4 c5 2.Nf3 Nc6 3.d4 cxd4 4.Nxd4 e6 5.Nc3 a6 6.Be2 Nge7 7.Be3 Nxd4 8.Qxd4 b5
9.O-O Nc6 10.Qd2 Be7 11.a4 b4 12.Nd5 exd5 13.exd5 Na5 14.d6 Bf6 15.Bf3 Nc6
16.a5 O-O 17.Bb6 Bg5 18.Qd1 Qf6 19.Bxc6 dxc6 20.d7 Bxd7 21.Qxd7 Qxb2 22.Qxc6 Rac8  1/2-1/2

[Event "IBM-C"]
[Site "Amsterdam"]
[Date "1980.??.??"]
[Round "?"]
[White "Baljon, Christofoor"]
[Black "De Boer, Gert Jan"]
[Result "1-0"]
[WhiteElo "2340"]
[BlackElo "2200"]

1.e4 c5 2.Nf3 e6 3.d4 cxd4 4.Nxd4 Nc6 5.Nc3 a6 6.g3 d6 7.Bg2 Nxd4 8.Qxd4 Ne7
9.Be3 Nc6 10.Qb6 Qxb6 11.Bxb6 Bd7 12.f4 Be7 13.Rd1 Rc8 14.Rd2 h5 15.h4 Nb8
16.O-O Bc6 17.Bd4 Nd7 18.a4 e5 19.Bf2 Nf6 20.a5 O-O 21.Bf3 Rfe8 22.f5 g6
23.fxg6 fxg6 24.Be3 Bf8 25.Bg5 Nh7 26.Be3 Nf6 27.Bg2 Ng4 28.Bg5 Rc7 29.Bh3 Rf7
30.Rxf7 Kxf7 31.Bf1 Rb8 32.Bc4+ Kg7 33.Rd1 b5 34.axb6 Rxb6 35.b3 a5 36.Ra1 Nf6
37.Bxf6+ Kxf6 38.Rf1+ Ke7 39.Rf7+ Ke8 40.Ra7 Rb7 41.Rxa5 Bh6 42.Ra6 Bd2 43.Rxc6 Bxc3
44.Rxd6 Rb6 45.Rxb6 Bd4+ 46.Kf1 Bxb6 47.c3 Bd8 48.Ke2 g5 49.hxg5 Bxg5 50.Kd1 h4
51.gxh4 Bxh4 52.Kc2 Kd7 53.Bf7 Kc6 54.b4 Be1 55.Kb3 Kb6 56.c4  1-0

[Event "Baerum"]
[Site "Baerum"]
[Date "1980.??.??"]
[Round "7"]
[White "Cramling, Dan"]
[Black "Johnsen, O."]
[Result "1-0"]
[WhiteElo "2330"]
[BlackElo "2260"]

1.e4 c5 2.Nf3 e6 3.Nc3 Nc6 4.d4 cxd4 5.Nxd4 Qc7 6.g3 a6 7.Bg2 Nf6 8.O-O Nxd4
9.Qxd4 Bc5 10.Qd3 d6 11.Bf4 e5 12.Bg5 Be6 13.Bxf6 gxf6 14.Nd5 Bxd5 15.Qxd5 h5
16.h4 O-O-O 17.c3 Rhg8 18.Kh2 Kb8 19.Rad1 Rg7 20.b4 Bb6 21.Rd3 Qc6 22.Qb3 Rdg8
23.a4 Bd8 24.b5 Qb6 25.Qd5 Be7 26.bxa6 Qxa6 27.Bh3 Qc6 28.c4 Rd8 29.Rb1 Kc7
30.Rdb3 Rb8 31.a5 Qxd5 32.cxd5 b5 33.axb6+ Kb7 34.Ra1  1-0

[Event "Bayamo"]
[Site "Bayamo"]
[Date "1980.??.??"]
[Round "?"]
[White "Armas, Jorge"]
[Black "Zapata, Alonso"]
[Result "1-0"]
[WhiteElo "2415"]
[BlackElo "2410"]

1.e4 c5 2.Nf3 e6 3.d4 cxd4 4.Nxd4 Nc6 5.Nc3 a6 6.g3 Nge7 7.Be3 b5 8.Bg2 Bb7
9.O-O Nc8 10.Nxc6 Bxc6 11.Qd4 Nd6 12.Bf4 Nc4 13.b3 Na3 14.Rac1 Rc8 15.Nd5 d6
16.Qb4 Bxd5 17.exd5 Nxc2 18.Qe4 e5 19.Bh3 Rc5 20.Rxc2 Rxc2 21.Qxc2 exf4 22.Qc6+ Ke7
23.Re1+ Kf6 24.Re8 Qa5 25.Rxf8 Qe1+ 26.Bf1  1-0

[Event "Biel"]
[Site "Biel"]
[Date "1980.??.??"]
[Round "?"]
[White "Liberzon, Vladimir M"]
[Black "Wirthensohn, Heinz"]
[Result "1/2-1/2"]
[WhiteElo "2545"]
[BlackElo "2425"]

1.e4 c5 2.Nf3 e6 3.d4 cxd4 4.Nxd4 Nc6 5.Nc3 d6 6.Be3 Nf6 7.f4 Be7 8.Qf3 O-O
9.O-O-O Qc7 10.Rg1 Nxd4 11.Rxd4 e5 12.Rc4 Qd8 13.f5 b5 14.Nxb5 d5 15.exd5 Bb7
16.Qg3 Bxd5 17.Ra4 Bc6 18.Be2 a6 19.Rd1 Qb8 20.Bh6 Ne8 21.Bxg7 Nxg7 22.Rg4 Bxb5
23.Rxg7+ Kh8 24.Rxh7+ Kxh7 25.Qh3+ Kg7 26.Qg4+ Kh6 27.Qh5+  1/2-1/2

[Event "Biel"]
[Site "Biel"]
[Date "1980.??.??"]
[Round "?"]
[White "Cuartas, Carlos"]
[Black "Liberzon, Vladimir M"]
[Result "0-1"]
[WhiteElo "2420"]
[BlackElo "2545"]

1.e4 c5 2.Nf3 Nc6 3.d4 cxd4 4.Nxd4 e6 5.Nc3 d6 6.Be3 Nf6 7.Bc4 a6 8.Qe2 Be7
9.O-O-O Qc7 10.Bb3 O-O 11.g4 Nd7 12.g5 Nc5 13.Rhg1 Bd7 14.Rg3 Rfc8 15.Kb1 Nxb3
16.axb3 b5 17.Nxc6 Bxc6 18.Rh3 g6 19.Qf3 Be8 20.Rd2 b4 21.Ne2 a5 22.Nc1 a4
23.bxa4 Bxa4 24.b3 Be8 25.Bd4 e5 26.Bb2 Bxg5 27.Re2 Bb5 28.Nd3 Qa5 29.Nc1 Bxe2
30.Qxe2 Rc6 31.Qg4 Bxc1 32.Kxc1 Rac8 33.Qe2 Qc7  0-1

[Event "COL-ch"]
[Site "Bogota"]
[Date "1980.??.??"]
[Round "?"]
[White "Gutierrez, Jose Antonio"]
[Black "Zapata, Alonso"]
[Result "1-0"]
[WhiteElo "2330"]
[BlackElo "2410"]

1.e4 c5 2.Nf3 e6 3.d4 cxd4 4.Nxd4 Nc6 5.Nc3 a6 6.g3 Nge7 7.Nb3 d6 8.a4 Bd7
9.Bf4 Nc8 10.Bg2 Be7 11.O-O O-O 12.Qd2 Ne5 13.Rfd1 Nc4 14.Qc1 Rb8 15.Nd2 b5
16.axb5 axb5 17.Nxc4 bxc4 18.e5 Rb6 19.exd6 Bxd6 20.Be3 Rb8 21.Qd2 f5 22.Ra6 Qc7
23.Rxd6 Qxd6 24.Qxd6 Nxd6 25.Rxd6 Be8 26.Bf1 Rxb2 27.Bxc4 Rxc2 28.Bxe6+ Bf7
29.Nd5 Bxe6 30.Rxe6 Rc4 31.Re7 h6 32.h4 Re4 33.Rd7 Rf7 34.Rd6 Kh7 35.h5 Re8
36.Nf4 Ra8 37.Ng6 Rc8 38.Rd5 Re8 39.Nh4 Ref8 40.Kg2 f4 41.Bxf4 Ra8 42.Be3 Rc8
43.g4 Re8 44.Nf5 Ra8 45.Bd4 Rg8 46.Nh4 Ra8 47.Rd6 Rg8 48.Rg6 Rd8 49.Nf5 Rdd7
50.Bxg7 Rxf5 51.gxf5 Rxg7 52.Rxg7+ Kxg7 53.Kf3 Kf7 54.Ke4  1-0

[Event "COL-ch"]
[Site "Bogota"]
[Date "1980.??.??"]
[Round "?"]
[White "Garcia, Gildardo"]
[Black "Zapata, Alonso"]
[Result "1-0"]
[WhiteElo "2440"]
[BlackElo "2410"]

1.e4 c5 2.Nf3 e6 3.d4 cxd4 4.Nxd4 Nc6 5.Nc3 a6 6.Be2 Nge7 7.O-O Nxd4 8.Qxd4 Nc6
9.Qd3 Qc7 10.Be3 Be7 11.Rac1 O-O 12.Rfd1 b5 13.a4 b4 14.Na2 a5 15.c4 d6 16.b3 Rd8
17.f4 Bb7 18.Bf3 Nb8 19.Rc2 Nd7 20.Re2 Nc5 21.Qc2 Rac8 22.Nc1 Qb8 23.Bd4 e5
24.Bb2 Ne6 25.Nd3 exf4 26.Bg4 Bg5 27.Ne1 Rf8 28.Nf3 Bd8 29.Qd2 Bb6+ 30.Kh1 Be3
31.Rxe3 fxe3 32.Qxe3 Rce8 33.Nh4 Qc7 34.Nf5 Qc5 35.Qg3 Ng5 36.Bd4 Nxe4 37.Qf4 Qc7
38.Bxg7 Re6 39.Bd4 Qc6 40.Bf3 f6 41.Qg4+ Kf7 42.Qg7+  1-0

[Event "HUN-ch"]
[Site "Budapest"]
[Date "1980.??.??"]
[Round "?"]
[White "Groszpeter, Attila"]
[Black "Barczay, Laszlo"]
[Result "1/2-1/2"]
[WhiteElo "2480"]
[BlackElo "2450"]

1.e4 c5 2.Nf3 e6 3.d4 cxd4 4.Nxd4 Nc6 5.Nc3 d6 6.g3 Nf6 7.Bg2 Bd7 8.O-O a6
9.Nxc6 Bxc6 10.a4 Be7 11.a5 O-O 12.Be3 Rc8 13.Qe2 Nd7 14.Rfd1 Qc7 15.Rd2 Bf6  1/2-1/2

[Event "HUN-ch"]
[Site "Budapest"]
[Date "1980.??.??"]
[Round "?"]
[White "Barczay, Laszlo"]
[Black "Horvath, Tamas"]
[Result "1/2-1/2"]
[WhiteElo "2450"]
[BlackElo "2350"]

1.e4 c5 2.Nc3 Nc6 3.Nge2 e6 4.d4 cxd4 5.Nxd4 Nf6 6.g3 d6 7.Bg2 Be7 8.O-O O-O
9.Be3 Bd7 10.Nxc6 Bxc6 11.a4 Qd7 12.h3 b6 13.e5 Ne8 14.exd6 Nxd6 15.Qe2 Bxg2  1/2-1/2

[Event "Buenos Aires"]
[Site "Buenos Aires"]
[Date "1980.??.??"]
[Round "?"]
[White "Balashov, Yuri S"]
[Black "Olafsson, Fridrik"]
[Result "1-0"]
[WhiteElo "2600"]
[BlackElo "2545"]

1.e4 c5 2.Nf3 e6 3.d4 cxd4 4.Nxd4 Nc6 5.Nc3 a6 6.Be2 Nge7 7.Bf4 Ng6 8.Bg3 Be7
9.O-O d6 10.Qd2 O-O 11.Rad1 Qb6 12.Nb3 Rd8 13.Kh1 Qc7 14.a4 Bf8 15.f4 Bd7
16.Bh5 Be8 17.Ne2 Be7 18.f5 Nf8 19.fxe6 Nxe6 20.Nc3 Nb4 21.Nc1 Bg5 22.Qf2 Bf6
23.Nd3 Nxd3 24.cxd3 Qc5 25.Nd5 Qxf2 26.Bxf2 Bd4 27.Bxd4 Nxd4 28.Nc7 Bxa4
29.Bxf7+ Kh8 30.Ra1 Bc2 31.Nxa8 Rxa8 32.Bd5 Rb8 33.Rf7 Bxd3 34.Rd1 Rc8 35.Bxb7  1-0

[Event "Bugojno"]
[Site "Bugojno"]
[Date "1980.??.??"]
[Round "9"]
[White "Tal, Mihail"]
[Black "Polugaevsky, Lev"]
[Result "1/2-1/2"]
[WhiteElo "2705"]
[BlackElo "2635"]

1.e4 c5 2.Nf3 e6 3.d4 cxd4 4.Nxd4 Nc6 5.Nc3 a6 6.g3 d6 7.Bg2 Bd7 8.O-O Nf6
9.Re1 Be7 10.Nxc6 Bxc6 11.a4 Qc7 12.a5 b5 13.axb6 Qxb6 14.Ra3 Qb7 15.Rb3 Qc7
16.Na2 O-O 17.Rc3 Qb7 18.Rxc6 Qxc6 19.e5 Nd5 20.Nb4 Qc5 21.Nxd5 exd5 22.Bxd5 Rad8
23.exd6 Bxd6 24.c4 Qb6 25.Qf3 Bc5 26.Bg5 Rb8 27.Re2  1/2-1/2

[Event "Bydgoszcz (Women)"]
[Site "Bydgoszcz"]
[Date "1980.??.??"]
[Round "?"]
[White "Kas Fromm, Rita"]
[Black "Crotto, Rachel"]
[Result "1/2-1/2"]
[WhiteElo "2080"]
[BlackElo "2115"]

1.e4 c5 2.Nf3 e6 3.d4 cxd4 4.Nxd4 Nc6 5.Nc3 Qc7 6.g3 a6 7.Bg2 Nf6 8.O-O Be7
9.Nde2 O-O 10.h3 d6 11.g4 Rd8 12.f4 b5 13.a3 Rb8 14.Ng3 d5 15.e5 Ne4 16.Ngxe4 dxe4
17.Qe1 b4 18.axb4 Rxb4 19.Bxe4 Nd4 20.Ra4 a5 21.Be3 Rc4 22.Bd3 Qc6 23.Be4  1/2-1/2

[Event "Politiken Cup"]
[Site "Copenhagen"]
[Date "1980.??.??"]
[Round "4"]
[White "Moe, Mogens"]
[Black "Cramling, Pia"]
[Result "1-0"]
[WhiteElo "2370"]
[BlackElo "2100"]

1.e4 c5 2.Nf3 e6 3.d4 cxd4 4.Nxd4 Nc6 5.Nc3 d6 6.Be3 Nf6 7.Bc4 Be7 8.Qe2 a6
9.O-O-O Qc7 10.Bb3 O-O 11.Rhg1 b5 12.g4 Rb8 13.g5 Nd7 14.Qh5 g6 15.Qh6 Rd8
16.Nxe6 fxe6 17.Bxe6+ Kh8 18.Nd5 Qa5 19.Nxe7 Nxe7 20.Bd4+  1-0

[Event "Politiken Cup"]
[Site "Copenhagen"]
[Date "1980.??.??"]
[Round "7"]
[White "Iskov, Gert"]
[Black "Mikhalchishin, Adrian"]
[Result "1/2-1/2"]
[WhiteElo "2400"]
[BlackElo "2490"]

1.e4 c5 2.Nf3 e6 3.Nc3 Nc6 4.d4 cxd4 5.Nxd4 d6 6.Be3 Nf6 7.f4 a6 8.Qf3 Qc7
9.O-O-O Bd7 10.g4 Nxd4 11.Rxd4 e5 12.Rc4 Bxg4 13.Qg3 Qd7 14.Nd5 Nxd5  1/2-1/2

[Event "Esbjerg-B"]
[Site "Esbjerg"]
[Date "1980.??.??"]
[Round "12"]
[White "Berg, Klaus"]
[Black "Isaksen, Brian"]
[Result "1-0"]
[WhiteElo "2295"]
[BlackElo "2275"]

1.e4 c5 2.Nc3 Nc6 3.Nf3 e6 4.d4 cxd4 5.Nxd4 Qc7 6.g3 a6 7.Bg2 d6 8.O-O Bd7
9.a4 Be7 10.Nb3 Nf6 11.a5 Ne5 12.Nd2 Rc8 13.Qe2 Bc6 14.Nb3 O-O 15.f4 Ned7
16.Nd4 Nb8 17.Be3 d5 18.exd5 Bxd5 19.Nxd5 Nxd5 20.Bf2 Nb4 21.c3 N4c6 22.Nxc6 Nxc6
23.Bb6 Qb8 24.f5 e5 25.Rae1 Bf6 26.Be4 Rfe8 27.Rd1 Bd8 28.f6 Bxb6+ 29.axb6 g6
30.Qe3 Kh8 31.Qh6 Rg8 32.Rf5 Rcd8 33.Qxh7+  1-0

[Event "EU-ch U20"]
[Site "Groningen"]
[Date "1980.??.??"]
[Round "8"]
[White "Arnason, Jon L"]
[Black "Akesson, Ralf"]
[Result "1/2-1/2"]
[WhiteElo "2435"]
[BlackElo "2230"]

1.e4 c5 2.Nf3 e6 3.d4 cxd4 4.Nxd4 Nc6 5.Nc3 a6 6.Be2 Nge7 7.Nb3 b5 8.Be3 Ng6
9.O-O Be7 10.f4 Qc7 11.Bd3 O-O 12.Qh5 f6 13.Rf3 Rf7 14.a4 bxa4 15.Rxa4 Nb4
16.f5 Nxd3 17.cxd3 Ne5 18.Rh3 g6 19.Rg3 Rg7 20.Qe2 Rb8 21.d4 Rxb3 22.dxe5 Qxe5
23.Bh6 Qb8 24.Rc4 Bd6 25.Rd3 Bxh2+ 26.Kh1 Be5 27.Bxg7 Kxg7 28.Nd1 Rxd3 29.Qxd3 exf5
30.exf5 d6 31.Ne3 Bd7 32.Qc2 d5 33.Nxd5 Bxf5 34.Qf2 Be6 35.Rb4 Qa8 36.Nf4 Bf7
37.Qb6 Qc8 38.Nd3 Bg3 39.Qe3 Qc7 40.Nf4 Qd6 41.Rd4 Qe5 42.Re4 Qf5 43.Qxg3 Qxe4
44.Nh5+ Kh8 45.Nxf6 Qd4 46.Qg5 Qxb2 47.Nd7 Qd4 48.Qe7 Qd1+ 49.Kh2 Qh5+ 50.Kg3 Qf5
51.Qf8+ Bg8 52.Nf6 Qe5+ 53.Kf2 Qd4+ 54.Kg3 Qc3+ 55.Kf2 Qb2+ 56.Kg1 Qc1+ 57.Kf2  1/2-1/2

[Event "Hillerod op"]
[Site "Hillerod"]
[Date "1980.??.??"]
[Round "?"]
[White "Andersen, Ib"]
[Black "Kaspersen, Morten"]
[Result "1-0"]
[WhiteElo "2240"]
[BlackElo "2200"]

1.e4 c5 2.Nf3 e6 3.Nc3 Nc6 4.d4 cxd4 5.Nxd4 Nf6 6.Ndb5 d6 7.Bf4 e5 8.Bg5 a6
9.Bxf6 gxf6 10.Na3 b5 11.Nd5 f5 12.exf5 Bxf5 13.Qf3 Nd4 14.Nc7+ Qxc7 15.Qxa8+ Ke7
16.c3 b4 17.cxb4 Qb6 18.Bxa6 Qxb4+ 19.Kf1 Qd2 20.h4 Rg8 21.g3 Bg4 22.Bc4 Rg7
23.Bd5 Be2+ 24.Kg1 f5 25.Nc4 Qf4 26.Qb7+  1-0

[Event "Malta ol (Men)"]
[Site "La Valetta"]
[Date "1980.??.??"]
[Round "?"]
[White "Adhami, Vangiel"]
[Black "Campos Lopez, Mario"]
[Result "0-1"]
[WhiteElo "2200"]
[BlackElo "2375"]

1.e4 c5 2.Nf3 e6 3.d4 cxd4 4.Nxd4 Nc6 5.Nc3 Qc7 6.Nb3 a6 7.Bd3 Nf6 8.O-O b5
9.Bg5 Be7 10.Kh1 b4 11.Ne2 Bb7 12.Ng3 h5 13.h3 h4 14.Ne2 Nxe4 15.Bxe7 Nxe7
16.Bxe4 Bxe4 17.Qd4 Bd5 18.Qxb4 Qxc2 19.Nbd4 Qg6 20.Nf4 Qe4 21.Nxd5 Nxd5
22.Qc5 Nf4 23.Nf3 Qd5 24.Qb4 Qe5 25.Rad1 Rd8 26.Rd4 Nxh3 27.Rxh4 Rxh4 28.Qxh4 Nf4
29.Re1 Qh5 30.Qxh5 Nxh5 31.Re5 Nf4 32.Ra5 Rb8 33.b3 Rb6 34.Nd2 d5 35.g3 Nd3
36.Kg2 Rc6 37.Kf3 Rc2 38.Ke3 Nc1 39.Rxa6 d4+ 40.Kxd4 Rxd2+  0-1

[Event "Malta ol (Men)"]
[Site "La Valetta"]
[Date "1980.??.??"]
[Round "?"]
[White "Callens, Alex c"]
[Black "Johansen, Darryl K"]
[Result "0-1"]
[WhiteElo "2200"]
[BlackElo "2200"]

1.e4 c5 2.Nf3 e6 3.d4 cxd4 4.Nxd4 Nc6 5.Nc3 a6 6.a3 Qc7 7.Be2 d6 8.Be3 Bd7
9.O-O Nf6 10.f4 Rc8 11.Qe1 Be7 12.Qg3 O-O 13.f5 Kh8 14.fxe6 fxe6 15.Rad1 Ne5
16.Nf3 Neg4 17.Nd4 Nxe3 18.Qxe3 Qb6 19.Rd3 Qxb2 20.Rb1 Qxa3 21.Rxb7 Rxc3
22.Rxc3 Qa1+ 23.Bf1 Ng4 24.Qd3 Bg5 25.g3 Be3+ 26.Kg2 Bxd4 27.Ra3 Qc1 28.Rxd7 Rf2+
29.Kh3 Rxh2+ 30.Kxg4 h5+  0-1

[Event "Malta ol (Men)"]
[Site "La Valetta"]
[Date "1980.??.??"]
[Round "?"]
[White "Dunne, David Joseph"]
[Black "Lucena, Lincoln"]
[Result "1/2-1/2"]
[WhiteElo "2290"]
[BlackElo "2350"]

1.e4 c5 2.Nf3 e6 3.d4 cxd4 4.Nxd4 Nc6 5.Nc3 a6 6.g3 Nf6 7.Nxc6 bxc6 8.e5 Nd5
9.Ne4 Qc7 10.f4 Qa7 11.Bd3 a5 12.Qe2 Ba6 13.Bxa6 Qxa6 14.c4 Nb6 15.b3 a4
16.Rb1 axb3 17.axb3 Bb4+ 18.Kf2 O-O 19.Rd1 Be7 20.Bb2 Qb7 21.Ra1 Rxa1 22.Rxa1 Ra8
23.Qd3 Rxa1 24.Bxa1 Qa6 25.Bd4 Nd5 26.Qe2 Nb4 27.Kg2 Qa3 28.Bc5 Bxc5 29.Nxc5 Qa7
30.Qf2 h6 31.Na4 Qxf2+ 32.Kxf2 Kf8 33.Ke3 Ke7 34.Nc5 f6 35.Kd2 fxe5 36.fxe5 d6
37.exd6+ Kxd6 38.Nd3 Na6 39.b4 Nc7 40.Ke3 Ne8 41.Kd4 Nf6 42.Ne5 Kc7 43.g4 Kd6
44.h3 Kc7 45.Ng6 Nd7 46.Ne5 Nf6 47.h4 g5 48.hxg5 hxg5 49.Ke3 Kd6 50.Nf7+ Ke7
51.Nxg5 Nxg4+ 52.Kd4 Kd6 53.Nf7+ Kc7 54.Ng5 Kd6 55.Ne4+ Kc7 56.Kc5 Ne5 57.Kd4 Nf3+
58.Ke3 Ne5 59.Nd2 Nd7 60.Ke4 Kd6  1/2-1/2